The potentiometer handbook : (Record no. 181039)

000 -LEADER
fixed length control field 00997 a2200217 4500
003 - CONTROL NUMBER IDENTIFIER
control field Nust
005 - DATE AND TIME OF LATEST TRANSACTION
control field 20221116132437.0
010 ## - LIBRARY OF CONGRESS CONTROL NUMBER
LC control number 75020010
020 ## - INTERNATIONAL STANDARD BOOK NUMBER
International Standard Book Number 0070066906
040 ## - CATALOGING SOURCE
Transcribing agency Nust
082 00 - DEWEY DECIMAL CLASSIFICATION NUMBER
Classification number 621.3743,TOD
100 1# - MAIN ENTRY--PERSONAL NAME
Personal name Todd, Carl David.
9 (RLIN) 102697
245 14 - TITLE STATEMENT
Title The potentiometer handbook :
Remainder of title users' guide to cost-effective applications /
Statement of responsibility, etc. written for Bourns, inc. by Carl David Todd ; associate editors, W. T. Hardison, W. E. Galvan.
260 ## - PUBLICATION, DISTRIBUTION, ETC.
Place of publication, distribution, etc. New York :
Name of publisher, distributor, etc. McGraw-Hill,
Date of publication, distribution, etc. [1975]
300 ## - PHYSICAL DESCRIPTION
Extent xv, 300 p. :
Other physical details ill. ;
Dimensions 27 cm.
505 ## - FORMATTED CONTENTS NOTE
Formatted contents note Introduction to Potentiometers (Page-1), Electrical Parameters (Page-17), Application Fundamentals (Page-51), Application as a Circuit Adjustment Device (Page-77), Application as a Control Device (Page-97), Application as a Precision Device (Page-115).
650 #0 - SUBJECT ADDED ENTRY--TOPICAL TERM
Topical term or geographic name entry element Electric resistors
General subdivision Handbooks, manuals, etc.
9 (RLIN) 102698
650 #0 - SUBJECT ADDED ENTRY--TOPICAL TERM
Topical term or geographic name entry element Potentiometer
General subdivision Handbooks, manuals, etc.
9 (RLIN) 102699
710 2# - ADDED ENTRY--CORPORATE NAME
Corporate name or jurisdiction name as entry element Bourns, inc.
9 (RLIN) 102700
942 ## - ADDED ENTRY ELEMENTS (KOHA)
Source of classification or shelving scheme
Koha item type Book
Holdings
Withdrawn status Lost status Source of classification or shelving scheme Damaged status Not for loan Permanent Location Current Location Shelving location Date acquired Full call number Barcode Date last seen Price effective from Koha item type Public note
          Military College of Signals (MCS) Military College of Signals (MCS) General Stacks 12/12/2016 621.3743,TOD MCS5495 12/08/2016 12/12/2016 Book Almirah No.30, Shelf No.4
© 2023 Central Library, National University of Sciences and Technology. All Rights Reserved.